000 00344nam a2200133Ia 4500
008 220216s9999 xx 000 0 und d
100 _aZhenhua Shi
245 0 _aPreliminary study on the blue-stain rubberwood logs
260 _bChina wood Industry
_c1998
300 _a14-Dec
500 _aSource Year: 1999
856 _uIRRDB
942 _cJS
999 _c65532
_d65532